000 00436nam a22001817a 4500
005 20251113165922.0
008 251113b |||||||| |||| 00| 0 eng d
020 _a9788119868322
040 _cILCL
041 _2eng
_aeng
084 _aZ2,9298 R2
100 _aMassey, I P
_9851335
245 _aAdministrative Law
250 _a10
260 _aLucknow
_bEastern Book Company
_c2022
300 _aciv,640p.
942 _2CC
_cTB
999 _c1465379
_d1465379